| 000 | 01078nam a22003497i 4500 | ||
|---|---|---|---|
| 001 | 193418 | ||
| 003 | ES-MaACL | ||
| 005 | 20250315062604.0 | ||
| 007 | ta | ||
| 008 | 231129e2023 sp ||||| |||| 00| 0 spa d | ||
| 020 | _a9788432165818 | ||
| 040 |
_bspa _cES-MaACL |
||
| 080 | _a821.134.2-14"20" | ||
| 100 | 1 |
_9234602 _aMartín Díaz, Rubén, _d1980- _eaut |
|
| 245 |
_aLírica industrial / _cRubén Martín Díaz |
||
| 250 | _aPrimera edición | ||
| 260 |
_aMadrid : _bRialp, _c2023 |
||
| 300 |
_a78 páginas ; _c17 cm |
||
| 336 |
_2rdacontent _aTexto |
||
| 337 |
_2rdamedia _asin mediación |
||
| 338 |
_2rdacarrier _avolumen |
||
| 490 | 1 |
_aAdonáis ; _v691 |
|
| 500 | _aÍndice | ||
| 586 | _aPremio Alegría 2023, del Ayuntamiento de Santander | ||
| 655 | 7 |
_aPoesías _2tgfbne _9176539 |
|
| 830 | 0 |
_aAdonáis _v691 _9173743 |
|
| 852 |
_aES-MaACL _bR. 154817 _cDEPO2 _jJ-23 (691) _9200879 _hDonativo: Editorial |
||
| 942 |
_n0 _cMONOGRAFIA |
||
| 999 |
_c193418 _d193418 |
||